000 00258nam a2200109Ia 4500
008 190216s9999||||xx |||||||||||||| ||und||
100 _aMark Graubard
245 0 _aJaiva Shashthra Adisthnangal
260 _bBhasha Institute
650 _aBotany
942 _cBK
999 _c38760
_d38760